Moderní programování 1980 sborník referátů

Saved in:
Bibliographic Details
Format: Book
Language:Slovak
Published: Žilina Dom techniky ČSVTS 1980
Tags: Add Tag
No Tags, Be the first to tag this record!

MARC

LEADER 00000nam a2200000 4500
001 c144119
005 20181203150544.7
041 0 |a slo 
044 |a SK 
245 1 0 |a Moderní programování 1980  |b sborník referátů 
264 1 |a Žilina  |b Dom techniky ČSVTS  |c 1980 
300 |a 242 s.